Catálogo
 En Linea

Hrsuriel / (Registro nro. 20144)

Detalles MARC
000 -CABECERA
campo de control de longitud fija 00592nam a2200193 u 4500
001 - NÚMERO DE CONTROL
campo de control 000020640
003 - IDENTIFICADOR DEL NÚMERO DE CONTROL
campo de control OSt
005 - FECHA Y HORA DE LA ÚLTIMA TRANSACCIÓN
campo de control 20201001104115.0
008 - DATOS DE LONGITUD FIJA--INFORMACIÓN GENERAL
campo de control de longitud fija 100812s2017 r 000 0 spa d
020 ## - NÚMERO INTERNACIONAL ESTÁNDAR DEL LIBRO
Número Internacional Estándar del Libro 9789945908213
040 ## - FUENTE DE LA CATALOGACIÓN
Centro catalogador/agencia de origen DO-SdBNP
Lengua de catalogación spa
Centro/agencia transcriptor BNPHU
100 1# - ENTRADA PRINCIPAL--NOMBRE DE PERSONA
Nombre de persona Suriel Suazo, Hugo Rafael
9 (RLIN) 43376
245 10 - MENCIÓN DE TÍTULO
Título Hrsuriel /
Mención de responsabilidad, etc. Hrsuriel, Hugo Rafael Suriel Suazo; translation Guillermina Nadal.
260 ## - PUBLICACIÓN, DISTRIBUCIÓN, ETC.
Lugar de publicación, distribución, etc. Santo Domingo :
Nombre del editor, distribuidor, etc. Impresos Camilo,
Fecha de publicación, distribución, etc. 2017.
300 ## - DESCRIPCIÓN FÍSICA
Extensión 398 p.
Otras características físicas il.,
Dimensiones 29 cm.
700 1# - PUNTO DE ACCESO ADICIONAL--NOMBRE DE PERSONA
Nombre de persona Nadal, Guillermina,
Término indicativo de función/relación translation
9 (RLIN) 11075
942 ## - ELEMENTOS DE PUNTO DE ACCESO ADICIONAL (KOHA)
Fuente del sistema de clasificación o colocación Dewey Decimal Classification
Tipo de ítem Koha Libros y folletos
956 ## - LOCALIZACIÓN Y ACCESO ELECTRÓNICOS LOCAL (OCLC)
Nombre del host LOPEREZ
Existencias
Estado de retiro Estado de pérdida Fuente del sistema de clasificación o colocación Restricciones de uso No para préstamo Código de colección Localización permanente Ubicación/localización actual Ubicación en estantería Fecha de adquisición Fuente de adquisición Número de inventario Total de préstamos Signatura topográfica completa Código de barras Fecha visto por última vez Número de copia Precio válido a partir de Tipo de ítem Koha
    Dewey Decimal Classification     Monografías: Libros y Folletos General General Orden iniciada 13.03.2020 Impresos Camilo LF1   20640-30 25.06.2020 e. 3 25.06.2020 No se presta
    Dewey Decimal Classification     Monografías: Libros y Folletos Patrimonio Dominicano Patrimonio Dominicano Orden iniciada 14.02.2011 Impresos Camilo LF1   20640-10 25.06.2020   25.06.2020 No se presta
    Dewey Decimal Classification   Préstamo restrigido Monografías: Libros y Folletos Patrimonio Dominicano Patrimonio Dominicano Orden iniciada 13.03.2020 Impresos Camilo LF1   20640-20 25.06.2020 e. 2 25.06.2020 No se presta

Con tecnología Koha